000 05424nam a22008897a 4500
005 20220811131813.0
008 141021t mx ||||| |||| 00| 0 spa d
020 _a9786078211067 o.c.
020 _a9786077290544 V.4
020 _a9786077290568 V.5
020 _a9786078211135 V.6
020 _a9786077290575 V.7
020 _a9786078211159 V.8
020 _a9786078211098 V.10
020 _a9786078211104 V.12
020 _a9786078211166 V.14
020 _a9786077290520 V.16
020 _a9786077290490 V.18
020 _a9786077290513 V.20
020 _a9786077290537 V.22
020 _a9786078211067 V.24
020 _a9786078211111 V.26
020 _a9786078211142 V.28
020 _a9786078211074 V.30
020 _a9786077290551 V.32
020 _a9786077290506 V.34
020 _a9786078211128 V.36
050 0 4 _aKDZ578.I5
_bS57 2013
245 1 0 _aSistema Interamericano de Derechos Humanos.
250 _a1a ed.
260 _aMéxico :
_bComisión Nacional de los Derechos Humanos México,
_cc2013
300 _av. ;
_c22 cm.
490 0 _aSistema Interamericano de Derechos Humanos
505 0 _r/ Silvia Serrano Guzmán --
_tEl control de convencionalidad en la jusisprudencia de La Corte Interamericana de Derechos Humanos
_gV.4.
505 0 _r/ Karla I. Quintana Osuna, Silvia Serrano Guzmán --
_tLa Convención Americana sobre Derechos Humanos. Reflexiones generales
_gV.5.
505 0 _r/ Jorge Humberto Meza Flores --
_tEl derecho a defender los derechos: la protección a defensoras y defensores de derechos humanos en el Sistema Interamericano
_gV.6.
505 0 _r/ Andrea Davide Ulisse Cerami --
_tEl derecho a participar directamente nen la toma de decisiones sobre asuntos públicos como mecanismo para la protección ambiental
_gV.7.
505 0 _r/ Ricardo A. Ortega Soriano --
_t Losderechos de las niñas y los niños en el derecho internacional, con especial atención al Sistema Interamericano de Protección de los Derechos Humanos
_gV.8.
505 0 _r/ Julieta Morales Sánchez --
_tDerechos de los migrantes en el Sistema Interamericano de Derechos Humanos
_gV.10.
505 0 _r/ María José Franco Rodríguez --
_tLos derechos humanos de las mujeres en la Jurisprudencia de La Corte Interamericana de Derechos Humanos
_gV.12.
505 0 _r/ Alma Liliana Mata Noguez --
_tLos derechos humanos de los miembros de comunidades indígenas en El Sistema Interamericano de Derechos Humanos
_gV.14.
505 0 _r/ Julie Diane Recinos --
_tLos derechos sexuales y reproductivos: estándares del Sistema Interamericano de Derechos Humanos
_gV.16.
505 0 _rJorge F. Calderón Gamboa --
_tV.18 : La evolución de la "Reparación Integral" en la jurisprudencia de la Corte Interamericana de Derechos Humanos
505 0 _r/ Alexandra Sandoval Mantilla --
_tEstándares de las medidas provisionales en La Corte Interamericana de Derechos Humanos
_gV.20.
505 0 _r/ Jacqueline Pinacho Espinosa ; dirigió Mireya Castañeda
_tGuía de Jurisprudencia de La Corte Interamericana de Derechos Humanos
_gV.22.
505 0 _r/ Carlos María Pelayo Moller --
_tIntroducción al Sistema Interamericano de Derechos Humanos
_gV.24.
505 0 _r/ Oscar Parra Vera --
_tJusticiabilidad de los derechos económicos, sociales y culturales ante El Sistema Interamericano
_gV.26.
505 0 _r/ Karlos A. Castilla Juárez --
_tLibertad de expresión y derecho de acceso a la información en el Sistema Interamericano de Derechos Humanos
_gV.28.
505 0 _aContenido :
_r/ Ana Belem García Chavarría --
_tLos procedimientos ante La Comisión Interamericana de Derechos Humanos
_gV.30.
505 0 _r/ Santiago J. Vázquez Camacho --
_tLa responsabilidad internacional de los Estados derivada de la conducta de particulares o NON-STATE ACTORS conforme al Sistema Interamericano de Promoción y Protección de los Derechos HUmanos
_gV.32.
505 0 _r/ Karla I. Quintana Osuna --
_tSuperposición de las reparaciones otorgadas por comisiones de la verdad y Tribunales Regionales de Derechos Humanos? Una aproximación a la realidad interamericana
_gV.34.
505 0 _r/ Yuria Saavedra Álvarez
_tEl trámite de casos individuales ante La Corte Interamericana de Derechos Humanos
_gV.36.
650 7 _2Lemb
_aDerechos humanos (Derecho internacional)
710 1 _aMéxico. Comisión Nacional de los Derechos Humanos
710 1 _aSerrano Guzmán, Silvia,
_eed.
710 1 _aQuintana Osuna, Karla I.,
_eed.
710 1 _aSerrano Guzmán, Silvia,
_eed.
710 1 _aMeza Flores, Jorge Humberto,
_eed.
710 1 _aUlisse Cerami, Andrea Davide,
_eed.
710 1 _aOrtega Soriano, Ricardo A.
_eed.
710 1 _aMorales Sánchez, Julieta,
_eed.
710 1 _aFranco Rodríguez, María José,
_eed.
710 1 _aMata Noguez, Alma Liliana,
_eed.
710 1 _aRecinos, Jilie Diane,
_eed.
710 1 _aCalderón Gamboa, Jorge F.,
_eed.
710 1 _aSandoval Mantilla, Alexandra,
_eed.
710 1 _aPinacho Espinosa, Jacqueline,
_eed.
710 1 _aCastañeda, Mireya,
_edir.
710 1 _aPelayo Moller, Carlos María,
_eed.
710 1 _aParra Vera, Oscar,
_eed.
710 1 _aCastilla Juárez, Karlos A.,
_eed.
710 1 _aGarcía Chavarría, Ana Belem,
_eed.
710 1 _aVázquez Camacho,, Santiago J.,
_eed.
710 1 _aQuintana Osuna, Karla I.,
_eed.
710 1 _aSaavedra Álvarez, Yuria,
_eed.
942 _2lcc
_cLIB
999 _c67321
_d67321